000 00531nam a2200193Ia 4500
005 20250923145321.0
008 008 250917s9999 xx 000 0 eng d
037 _aTextual
040 _aDSWL
_beng
_cDSWL
041 _aeng
_2eng
084 _aXx4, N75
_qDSWL
245 0 _aExplosion in a subcontinent
_cEd.by Robin Blackburn
260 _aHarmondsworth
_bPenguin Books
_c1975
300 _a378 p.
365 _aINR
_b0 . 95
925 _g0 . 95
942 _cTEXL
_hXx4, N75
999 _c1449888
_d1449888